Counties by Letter: N - Statistics

General Stats
  • This quiz has been taken 28 times
  • The average score is 30 of 69
Answer Stats
State County % Correct
New York New York
88%
Arkansas Newton
76%
Georgia Newton
76%
Indiana Newton
76%
Mississippi Newton
76%
Missouri Newton
76%
Texas Newton
76%
North Carolina Nash
71%
Massachusetts Norfolk
71%
Virginia Norfolk
71%
Florida Nassau
65%
New York Nassau
65%
Arkansas Nevada
65%
California Nevada
65%
Delaware New Castle
65%
Connecticut New Haven
59%
Rhode Island Newport
59%
Alaska Nome
59%
North Carolina Northampton
59%
Pennsylvania Northampton
59%
Virginia Northampton
59%
Arizona Navajo
53%
Alaska North Slope
53%
Pennsylvania Northumberland
53%
Virginia Northumberland
53%
Massachusetts Nantucket
47%
Kentucky Nelson
47%
North Dakota Nelson
47%
Virginia Nelson
47%
South Carolina Newberry
47%
Kansas Norton
47%
Virginia Norton
47%
Nevada Nye
47%
Louisiana Natchitoches
41%
Virginia Newport News
41%
Texas Nolan
41%
Minnesota Norman
41%
North Carolina New Hanover
35%
Connecticut New London
35%
Idaho Nez Perce
35%
Kentucky Nicholas
35%
West Virginia Nicholas
35%
Indiana Noble
35%
Ohio Noble
35%
Oklahoma Noble
35%
California Napa
29%
Wyoming Natrona
29%
Kansas Nemaha
29%
Nebraska Nemaha
29%
Kansas Neosho
29%
Mississippi Neshoba
29%
Kansas Ness
29%
New York Niagara
29%
Mississippi Noxubee
29%
Texas Nueces
29%
Texas Navarro
24%
Virginia New Kent
24%
Minnesota Nicollet
24%
Minnesota Nobles
24%
Texas Nacogdoches
18%
Nebraska Nance
18%
Michigan Newaygo
18%
Wyoming Niobrara
18%
Missouri Nodaway
18%
Alaska Northwest Arctic
18%
Virginia Nottoway
18%
Oklahoma Nowata
18%
Missouri New Madrid
12%
Nebraska Nuckolls
12%
No matching quizzes found
Score Distribution
Percent of People with Each Score
Percentile by Number Answered
Your Score History
You have not taken this quiz